| 000 | 00652nam a22002177i 4500 | ||
|---|---|---|---|
| 003 | OSt | ||
| 005 | 20220117151300.0 | ||
| 008 | 160713b xxu||||| |||| 00| 0 eng d | ||
| 020 | _a0256030235 | ||
| 050 | 0 | 0 |
_aBF121 _bC66 1976 |
| 100 | 1 | _aCohen, Allan R. | |
| 245 | 1 | 0 | _aEffective behavior in organizations learning from the interplay of cases, concepts and experiences |
| 264 | 1 |
_aHomewood, Illinois _bIrwin _c1976. |
|
| 300 |
_axx, 783 p. _bill.; 23 cm. |
||
| 336 |
_atext _btxt _2rdacontent |
||
| 337 |
_aunmediated _bn _2rdamedia |
||
| 338 |
_avolume _bnc _2rdacarrier |
||
| 650 | 0 | _aGeneral Science | |
| 700 | 1 | _aGadon, Herman | |
| 942 |
_cF _2lcc |
||
| 999 |
_c28769 _d28769 |
||